| 000 | 00659nam a2200217 u 4500 | ||
|---|---|---|---|
| 005 | 20241012064033.0 | ||
| 008 | 101110s2008 r 000 0 eng d | ||
| 020 | _a9789508085498 | ||
| 035 | _aUPN01000178453 | ||
| 049 | _aCG | ||
| 050 | 4 |
_aLB1289 _bU4.8 |
|
| 100 | 1 | _aUllúa, Jorge | |
| 245 | 1 | 0 |
_aVolver a jugar en el Jardín : _bUna visión de educación infantil natural personalizada / _cJorge Ullúa. |
| 260 |
_aRosario, Arg. : _bHomo Sapiens, _cc2008. |
||
| 300 |
_a118 p. _bil. |
||
| 440 | 0 | _aEducación inicial | |
| 650 | 4 |
_aJARDIN DE NIÑOS - _zARGENTINA _915812 |
|
| 650 | 4 |
_aJuegos educativos _93952 |
|
| 905 | _aLibro | ||
| 999 |
_c150556 _d150556 |
||